• 首页
  • 本馆介绍
  • 公告通知
  • 最新文献
  • 馆藏检索
  • 电子资源
  • 读者荐购
  • 参考咨询
  • CALIS
  • 我的图书馆
  • 登录
  • 详细信息显示
  • 放入我的书架
  • 预约/预借图书
  • 作者相关作品
  • 分类相关作品
  • 丛书相关作品
  • 出版社相关作品

书目信息

  • 表格格式
  • 工作单格式
  • 卡片格式
题名:
2014年全国一级注册建筑师考试培训辅导用书
    
 
作者: 吴硕贤 , 赵立华 主编 ;住房和城乡建设部 编
分册: 4   建筑物理与建筑设备
出版信息: 北京   中国建筑工业出版社  2013
页数: 11,318页
开本: 26cm
丛书名: 执业资格考试丛书
单 册:
中图分类: TU11 , TU-42
科图分类:
主题词: 建筑师--考核--自学参考资料 , 建筑物理学--考核--自学参考资料 , 建筑师 , 建筑物理学 , 房屋建筑设备--考核--自学参考资料 , 房屋建筑设备
电子资源:
ISBN: 978-7-112-16087-7
 
 
 
 
 
000 01290oam2 2200361 450
001 141116
005 20141106111337.67
010    @a978-7-112-16087-7@dCNY 48.00
100    @a20140218d2013 em y0chiy50 ea
101 0  @achi
102    @aCN@b110000
105    @ay z 000yy
200 1  @a2014年全国一级注册建筑师考试培训辅导用书@92014 nian quan guo yi ji zhu ce jian zhu shi kao shi pei xun fu dao yong shu@h4@i建筑物理与建筑设备@b专著@f住房和城乡建设部执业资格注册中心网编
205    @a9版
210    @a北京@c中国建筑工业出版社@d2013
215    @a11,318页@d26cm
225 2  @a执业资格考试丛书
314    @a主编:吴硕贤、赵立华
330    @a本书介绍了建筑热工学、建筑光学、建筑声学、建筑给水排水、暖通空调、建筑电气等方面的知识。
461  0 @1001002647641
606 0  @a建筑师@x考核@j自学参考资料
606 0  @a建筑物理学@x考核@j自学参考资料
606 0  @a建筑师
606 0  @a建筑物理学
606 0  @a房屋建筑设备@x考核@j自学参考资料
606 0  @a房屋建筑设备
690    @aTU11@v5
690    @aTU-42@v5
701  0 @a吴硕贤@9wu shuo xian@f(1947~)@4主编
701  0 @a赵立华@9zhao li hua@c(女,@f1968~)@4主编
712 02 @a住房和城乡建设部@9zhu fang he cheng xiang jian she bu@b执业资格注册中心网@4编
801 0  @c20141106
905    @a241430@dTU-42@eZ9112:4=9
    
    2014年全国一级注册建筑师考试培训辅导用书.4.建筑物理与建筑设备/住房和城乡建设部执业资格注册中心网编.-9版.-北京:中国建筑工业出版社,2013
    11,318页;26cm.-(执业资格考试丛书)
    
    
    ISBN 978-7-112-16087-7:CNY 48.00
    本书介绍了建筑热工学、建筑光学、建筑声学、建筑给水排水、暖通空调、建筑电气等方面的知识。
●
相关链接 在E读中查询图书 在当当中查询图书 在豆瓣中查询图书


正题名:2014年全国一级注册建筑师考试培训辅导用书     索取号:TU-42/Z9112:4=9         预约/预借

序号 登录号 条形码 馆藏地/架位号 状态 备注
1 0836964   208369647   建筑库101/101建筑库 11排1列1层/ [索取号:TU-42/Z9112:4=9] 在馆    
2 0836965   208369656   建筑库101/101建筑库 109排1列4层/ [索取号:TU-42/Z9112:4=9] 在馆    
3 0836966   208369665   建筑库101/101建筑库 11排1列1层/ [索取号:TU-42/Z9112:4=9] 在馆    
河南城建学院图书馆 欢迎您!
大连网信软件有限公司© 版权所有